First U.S. States - Statistics

General Stats
  • This quiz has been taken 40 times
  • The average score is 4 of 10
Answer Stats
Date of Admission State % Correct
December 7, 1787 Delaware
76%
February 6, 1788 Massachusetts
67%
June 25, 1788 Virginia
62%
January 9, 1788 Connecticut
48%
December 18, 1787 New Jersey
43%
June 21, 1788 New Hampshire
33%
December 12, 1787 Pennsylvania
33%
January 2, 1788 Georgia
24%
April 28, 1788 Maryland
24%
May 23, 1788 South Carolina
24%
No matching quizzes found
Score Distribution
Percent of People with Each Score
Percentile by Number Answered
Your Score History
You have not taken this quiz